| 000 | 00402nam a2200157Ia 4500 | ||
|---|---|---|---|
| 008 | 230917s9999||||xx |||||||||||||| ||und|| | ||
| 040 |
_e157294 _aMAIN |
||
| 041 | _aEnglish | ||
| 082 | _a005.82 T689I | ||
| 100 | _aTrappe, Wade | ||
| 245 | 0 | _aIntroduction to cryptography with coding theory | |
| 250 | _a2nd ed. | ||
| 260 |
_aNew Delhi _bPearson Education _c2009 |
||
| 300 | _a577 p. | ||
| 942 | _cBK | ||
| 999 |
_c153056 _d153056 |
||